000 00281nam a2200109Ia 4500
001 587423
005 20250717113816.0
008 250717s9999 xx 000 0 und d
245 0 _aX-4 HA GAYRET 7
_cAHMET BİLAL YAPRAKDAL
260 _bUĞUR BÖCEĞİ YAYINLARI
_c2018
300 _b32
999 _c587423
_d587423